000 00933nam a22002537a 4500
001 74617
003 BD-RjUL
005 20211209082559.0
008 181104s2017 bg a|||| b||| 00| 0 eng d
020 _a9789843434531
035 _a(BD-RjUL)74835
040 _aBD-RjUL
_beng
_cBD-RjUL
041 _aeng
082 _223
_a636.50954
_b BAC 2017
245 _aBackyard poultry production systems in SAARC member states /
_cedited by Nure Alam Siddiky; SAARC Agricultural Information Centre.
260 _aDhaka :
_bSAARC Agriculture Centre,
_c2017
300 _ax, 166 pages :
_bcolor illustrations, color maps ;
_c24 cm.
504 _aIncludes bibliographical references.
650 _aUrban livestock production systems
_zSouth Asia
_938800
650 _aPoultry production systems
_9224683
_zSouth Asia
700 _aSiddiky, Nure Alam
_9224668
710 2 _aSAARC Agricultural Information Centre.
_9224670
942 _2ddc
_cBK
999 _c74617
_d74617